Televízny trh v treťom tisícročí
Diskusia, názory a postoje zástupcov najvýznamnejších televíznych projektov na Slovensku, štátnej správy a komerčných subjektov na tému televízny trh v treťom tisícročí. Legislatíva, základ fungujúceho trhu. Štátna mediálna politika.
Salvato in:
| Autore principale: | |
|---|---|
| Altri autori: | |
| Natura: | Capitolo di libro |
| Lingua: | slovacco |
| Soggetti: | |
| Tags: |
Nessun Tag, puoi essere il primo ad aggiungerne!!
|
MARC
| LEADER | 00000naa a2200000 4500 | ||
|---|---|---|---|
| 001 | r040773 | ||
| 005 | 20231003075355.6 | ||
| 041 | 0 | |a slo | |
| 044 | |a SK | ||
| 245 | 1 | 0 | |a Televízny trh v treťom tisícročí |c Pavel Hapák, Roberta Ťapušíková |
| 520 | |a Diskusia, názory a postoje zástupcov najvýznamnejších televíznych projektov na Slovensku, štátnej správy a komerčných subjektov na tému televízny trh v treťom tisícročí. Legislatíva, základ fungujúceho trhu. Štátna mediálna politika. | ||
| 610 | 2 | 0 | |a televízia |
| 610 | 2 | 0 | |a trh |
| 610 | 2 | 0 | |a Slovensko |
| 610 | 2 | 0 | |a vízie |
| 610 | 2 | 0 | |a postoje |
| 610 | 2 | 0 | |a diskusia |
| 610 | 2 | 0 | |a politika |
| 610 | 2 | 0 | |a médiá |
| 100 | 1 | |a Hapák, Pavel | |
| 700 | 1 | |a Ťapušíková, Roberta | |